<?xml version="1.0" encoding="UTF-8"?>
<record
    xmlns:xsi="http://www.w3.org/2001/XMLSchema-instance"
    xsi:schemaLocation="http://www.loc.gov/MARC21/slim http://www.loc.gov/standards/marcxml/schema/MARC21slim.xsd"
    xmlns="http://www.loc.gov/MARC21/slim">

  <leader>00627nam a22001937a 4500</leader>
  <datafield tag="999" ind1=" " ind2=" ">
    <subfield code="c">173603</subfield>
    <subfield code="d">173603</subfield>
  </datafield>
  <controlfield tag="005">20200303151501.0</controlfield>
  <datafield tag="010" ind1=" " ind2=" ">
    <subfield code="a">A-773176</subfield>
  </datafield>
  <datafield tag="020" ind1=" " ind2=" ">
    <subfield code="a">8123712472</subfield>
    <subfield code="c">50.00</subfield>
  </datafield>
  <datafield tag="035" ind1=" " ind2=" ">
    <subfield code="a">A-773176</subfield>
  </datafield>
  <datafield tag="037" ind1=" " ind2=" ">
    <subfield code="b">BPPD/Pub.</subfield>
  </datafield>
  <datafield tag="082" ind1=" " ind2=" ">
    <subfield code="a">&#x6A9;</subfield>
  </datafield>
  <datafield tag="100" ind1=" " ind2=" ">
    <subfield code="a">&#x642;&#x631;&#x62A; &#x627;&#x644;&#x639;&#x6CC;&#x646; &#x62D;&#x6CC;&#x62F;&#x631;</subfield>
  </datafield>
  <datafield tag="245" ind1=" " ind2=" ">
    <subfield code="a">&#x642;&#x631;&#x62A; &#x627;&#x644;&#x639;&#x6CC;&#x646; &#x62D;&#x6CC;&#x62F;&#x631; &#x6A9;&#x6CC; &#x645;&#x646;&#x62A;&#x62E;&#x628; &#x6A9;&#x6C1;&#x627;&#x646;&#x6CC;&#x627;&#x6BA; / </subfield>
    <subfield code="c">&#x642;&#x631;&#x62A; &#x627;&#x644;&#x639;&#x6CC;&#x646; &#x62D;&#x6CC;&#x62F;&#x631;</subfield>
  </datafield>
  <datafield tag="246" ind1=" " ind2=" ">
    <subfield code="a">Qrratul Ain Hyder ki Muntakhab Kahaniyan /</subfield>
    <subfield code="b">by Qrratul Ain Hyder</subfield>
  </datafield>
  <datafield tag="260" ind1=" " ind2=" ">
    <subfield code="a">India</subfield>
    <subfield code="b">National Book Trust</subfield>
    <subfield code="c">1995 &#x621;</subfield>
  </datafield>
  <datafield tag="270" ind1=" " ind2=" ">
    <subfield code="a">A-5, Green Park</subfield>
    <subfield code="b">New Delhi</subfield>
    <subfield code="e">110016</subfield>
  </datafield>
  <datafield tag="300" ind1=" " ind2=" ">
    <subfield code="a">256p.</subfield>
    <subfield code="c">22cm(Hb)     </subfield>
  </datafield>
  <datafield tag="942" ind1=" " ind2=" ">
    <subfield code="2">ddc</subfield>
    <subfield code="c">UR</subfield>
    <subfield code="h">&#x6A9;</subfield>
    <subfield code="m">&#x642; &#x631; &#x62A; </subfield>
  </datafield>
  <datafield tag="952" ind1=" " ind2=" ">
    <subfield code="0">0</subfield>
    <subfield code="1">0</subfield>
    <subfield code="4">0</subfield>
    <subfield code="7">0</subfield>
    <subfield code="8">FIC</subfield>
    <subfield code="a">L</subfield>
    <subfield code="b">L</subfield>
    <subfield code="d">2020-03-03</subfield>
    <subfield code="e">BPPD/Ven.</subfield>
    <subfield code="g">50.00</subfield>
    <subfield code="l">0</subfield>
    <subfield code="o">&#x6A9; &#x642; &#x631; &#x62A;</subfield>
    <subfield code="p">A-773176</subfield>
    <subfield code="r">2020-03-03 00:00:00</subfield>
    <subfield code="t">1</subfield>
    <subfield code="v">50.00</subfield>
    <subfield code="w">2020-03-03</subfield>
    <subfield code="y">UR</subfield>
  </datafield>
</record>
